000 00950nam a22001817a 4500
003 OSt
005 20251114092835.0
008 251114b |||||||| |||| 00| 0 eng d
040 _cDCL
082 _a၂၉၄.၃၈၂၃၅၁၂
130 _aတိပိဋက။
_pသုတ္တန္တပိဋက။
_pခုဒ္ဒကနိကာယ။
_tဥဒါန၊
_lပါဠိတော်၊
_sနိဿယ။
245 _aဥဒါန်း ပါဠိတော်နိဿယသစ် /
_cဘဒန္တ သဇ္ဇနာဘိဝံသ။
264 _aရန်ကုန် ၊
_bသာသနာရေးဦးစီး၊
_c၂၀၀၅။
300 _aဒ၊ ၄၅၃ စာမျက်နှာ ၊
_c၂၅ စင်တီ။
650 _aဥဒါန်း
_vပါဠိတော် နိဿယ။
650 _aဥဒါန
_vပါဠိတော် နိဿယ။
942 _2ddc
_cSHORT TERM
_n0
999 _c2468
_d2468